[Event "GER-ch U25-B"]
[Site "Willingen"]
[Date "2018.05.26"]
[Round "9"]
[White "Fuchs, Florian1111"]
[Black "Kublanov, Elizabeth"]
[Result "1-0"]
[WhiteElo "1674"]
[BlackElo "1574"]
[PlyCount "73"]
[EventDate "2018.05.19"]
[EventType "swiss"]
[EventRounds "9"]
[EventCountry "GER"]
[SourceTitle "CBM 184 Extra"]
[Source "ChessBase"]
[SourceDate "2018.06.28"]
[SourceVersion "1"]
[SourceVersionDate "2018.06.28"]
[SourceQuality "1"]

1. d4 d5 2. Bf4 Nf6 3. e3 e6 4. Bd3 c5 5. Nd2 Nc6 6. c3 Bd7 7. Ngf3 cxd4 8. exd4 Be7 9. Qc2 Rc8 10. Rc1 Nb4 11. Qb1 Nxd3+ 12. Qxd3 Qb6 13. Qb1 Bb5 14. h4 Ng4 15. Ne5 Nxe5 16. Bxe5 f6 17. Bg3 Ba6 18. a4 Qa5 19. Qc2 b5 20. axb5 Qxb5 21. Nf3 Bb4 22. Qd2 0-0 23. h5 e5 24. dxe5 fxe5 25. Bxe5 Rce8 26. cxb4 Rxf3 27. gxf3 Rxe5+ 28. Kd1 Qa4+ 29. Qc2 Qxb4 30. Qc3 Qf4 31. Re1 Rxe1+ 32. Kxe1 Qh2 33. Qc5 Qh1+ 34. Kd2 Qxf3 35. Qe3 Qf8 36. Rc6 Bb7 37. Re6 1-0

[Event "GER-chT U14 Girls"]
[Site "Neumuenster"]
[Date "2017.12.28"]
[Round "3.3"]
[White "Peglau, Charis"]
[Black "Kublanov, Elizabeth"]
[Result "1-0"]
[WhiteElo "1454"]
[BlackElo "1613"]
[PlyCount "81"]
[EventDate "2017.12.26"]
[EventType "team-swiss"]
[EventRounds "7"]
[EventCountry "GER"]
[SourceTitle "CBM 182 Extra"]
[Source "ChessBase"]
[SourceDate "2018.02.23"]
[SourceVersion "1"]
[SourceVersionDate "2018.02.23"]
[SourceQuality "1"]
[WhiteTeam "Seeblick"]
[BlackTeam "Solingen SG"]
[WhiteTeamCountry "GER"]
[BlackTeamCountry "GER"]

1. e4 e5 2. Nc3 d6 3. Bc4 Nf6 4. Nge2 Be7 5. d4 exd4 6. Nxd4 0-0 7. 0-0 a6 8. Bb3 b5 9. a3 Bb7 10. f3 Re8 11. Re1 Nbd7 12. Be3 Nc5 13. Ba2 Bf8 14. Bf2 Nh5 15. b4 Ne6 16. Nce2 Qg5 17. Ng3 Nxd4 18. Qxd4 c5 19. Qd1 c4 20. Nxh5 Qxh5 21. Bg3 Re6 22. Qd4 Rae8 23. a4 d5 24. axb5 dxe4 25. Bxc4 Bxb4 26. Kh1 Bxe1 27. Bxe1 Rh6 28. Bg3 exf3 29. Kg1 Qf5 30. Bd3 Qc8 31. Be5 Rg6 32. Bxg6 hxg6 33. bxa6 Qxc2 34. Qb2 Qc5+ 35. Bd4 Re2 36. Bxc5 Rxb2 37. axb7 Rxb7 38. gxf3 Rb3 39. Kg2 Rb2+ 40. Kg3 Rb5 41. Be3 1-0

[Event "Dortmund Sparkassen op-B 44th"]
[Site "Dortmund"]
[Date "2016.07.14"]
[Round "6"]
[White "Schacht, Juergen"]
[Black "Kublanov, Elizabeth"]
[Result "0-1"]
[WhiteElo "1535"]
[BlackElo "1605"]
[PlyCount "68"]
[EventDate "2016.07.09"]
[EventType "swiss"]
[EventRounds "9"]
[EventCountry "GER"]
[SourceTitle "CBM 173 Extra"]
[Source "ChessBase"]
[SourceDate "2016.08.29"]
[SourceVersion "1"]
[SourceVersionDate "2016.08.29"]
[SourceQuality "1"]

1. d4 d5 2. Bf4 Nf6 3. Nf3 Bf5 4. Nbd2 e6 5. e3 c5 6. Bd3 Bg4 7. h3 Bh5 8. 0-0 Be7 9. c3 0-0 10. Qc2 Nc6 11. Rfe1 Qd7 12. Ne5 Qc8 13. b3 Bg6 14. Nxg6 fxg6 15. Nf3 a6 16. a4 Qe8 17. Bh2 Rc8 18. Rac1 cxd4 19. exd4 Nb4 20. Qe2 Nxd3 21. Qxd3 Ba3 22. Rc2 Nh5 23. Rce2 Rf6 24. g4 Nf4 25. Bxf4 Rxf4 26. Rxe6 Qf7 27. R6e3 Bb2 28. c4 dxc4 29. bxc4 Qxc4 30. Re8+ Rf8 31. Rxf8+ Kxf8 32. Qe3 Kg8 33. Ng5 Rf8 34. Ne6 Re8 0-1

[Event "Dortmund Sparkassen op-B 44th"]
[Site "Dortmund"]
[Date "2016.07.11"]
[Round "3"]
[White "Kublanov, Elizabeth"]
[Black "Hartjes, Jenny"]
[Result "0-1"]
[WhiteElo "1605"]
[BlackElo "1406"]
[PlyCount "120"]
[EventDate "2016.07.09"]
[EventType "swiss"]
[EventRounds "9"]
[EventCountry "GER"]
[SourceTitle "CBM 173 Extra"]
[Source "ChessBase"]
[SourceDate "2016.08.29"]
[SourceVersion "1"]
[SourceVersionDate "2016.08.29"]
[SourceQuality "1"]

1. e4 c5 2. Nf3 Nc6 3. Bc4 e6 4. Nc3 d6 5. d3 Nf6 6. Bg5 Be7 7. Qd2 h6 8. Be3 d5 9. e5 Nd7 10. Nxd5 exd5 11. Bxd5 Ndxe5 12. Bxc6+ Nxc6 13. 0-0-0 Qa5 14. Qxa5 Nxa5 15. Rhe1 0-0 16. Ne5 b6 17. f4 Bf6 18. h3 Bxe5 19. fxe5 Re8 20. Bf4 g5 21. Bg3 Bb7 22. h4 g4 23. Re2 Re6 24. Rf2 h5 25. Rdf1 Rf8 26. Rf5 Bxg2 27. R1f2 Bf3 28. Rxh5 Kg7 29. Rh2 Nc6 30. Rg5+ Rg6 31. Rxg6+ Kxg6 32. h5+ Kh7 33. h6 Re8 34. Rh5 Re6 35. Bf4 Rg6 36. Rf5 Bd5 37. c4 Be6 38. Rh5 g3 39. Rh1 Nd4 40. Be3 g2 41. Re1 Nf3 42. Rd1 g1Q 43. Bxg1 Rxg1 44. Rxg1 Nxg1 45. Kd2 Nf3+ 46. Ke3 Nxe5 47. Ke4 Nc6 48. a3 Kxh6 49. Ke3 Kg5 50. Kf3 Nd4+ 51. Ke3 Kg4 52. Ke4 f5+ 53. Ke5 f4 54. Kd6 f3 55. Kc7 f2 56. Kb7 f1Q 57. Kxa7 Qxd3 58. Kxb6 Qxc4 59. a4 Qb4+ 60. Kc7 Qxa4 0-1

[Event "GER-ch U14 Girls"]
[Site "Willingen"]
[Date "2016.05.18"]
[Round "6"]
[White "Ehmann, Johanna"]
[Black "Kublanov, Elizabeth"]
[Result "1-0"]
[WhiteElo "1701"]
[BlackElo "1628"]
[PlyCount "107"]
[EventDate "2016.05.15"]
[EventType "swiss"]
[EventRounds "9"]
[EventCountry "GER"]
[SourceTitle "CBM 172 Extra"]
[Source "ChessBase"]
[SourceDate "2016.06.21"]
[SourceVersion "1"]
[SourceVersionDate "2016.06.21"]
[SourceQuality "1"]

1. e4 Nf6 2. e5 Nd5 3. Nf3 d6 4. d4 Bg4 5. Bc4 c6 6. h3 Bh5 7. 0-0 dxe5 8. dxe5 e6 9. Bb3 Nd7 10. Re1 Bc5 11. c4 Ne7 12. Nc3 0-0 13. Bf4 Ng6 14. Bg3 f5 15. exf6 Rxf6 16. Ne4 Rf5 17. Nxc5 Bxf3 18. Qxd7 Qxd7 19. Nxd7 Bh5 20. Rxe6 Rd8 21. c5 Kh8 22. Bd6 Nf4 23. Bxf4 Rxf4 24. Rae1 h6 25. Ne5 Rd2 26. Nf3 Bxf3 27. gxf3 Rxf3 28. R1e2 Rxe2 29. Rxe2 Rf8 30. Re7 Rb8 31. Bf7 Kh7 32. Re8 Rxe8 33. Bxe8 Kg8 34. Bd7 Kf8 35. Bc8 b6 36. b4 Ke8 37. cxb6 axb6 38. a4 Kd8 39. Bf5 Ke7 40. a5 bxa5 41. bxa5 Kd8 42. a6 Kc7 43. Bd3 Kb6 44. Kg2 g6 45. Kg3 Ka7 46. Bxg6 Kxa6 47. f4 Kb6 48. Kh4 Kc7 49. Kh5 Kd7 50. Kxh6 Ke7 51. Kg7 c5 52. f5 c4 53. f6+ Kd7 54. f7 1-0

[Event "GER-chT U14 Girls"]
[Site "Magdeburg"]
[Date "2015.12.30"]
[Round "7.1"]
[White "Nguyen, Ha Thanh"]
[Black "Kublanov, Elizabeth"]
[Result "1-0"]
[WhiteElo "1666"]
[BlackElo "1386"]
[PlyCount "31"]
[EventDate "2015.12.27"]
[EventType "team-swiss"]
[EventRounds "7"]
[EventCountry "GER"]
[SourceTitle "EXT 2017"]
[Source "ChessBase"]
[SourceDate "2016.10.25"]
[SourceVersion "1"]
[SourceVersionDate "2016.10.25"]
[SourceQuality "1"]
[WhiteTeam "Erfurt Empor"]
[BlackTeam "Solingen SG"]
[WhiteTeamCountry "GER"]
[BlackTeamCountry "GER"]

1. e4 e5 2. Nf3 Nc6 3. Bc4 Bc5 4. c3 Nf6 5. d3 0-0 6. 0-0 d6 7. Nbd2 Bg4 8. Bb3 Ne7 9. h3 Bh5 10. Re1 Ng6 11. Nf1 Nh4 12. N1h2 h6 13. g4 Nxf3+ 14. Qxf3 Bg6 15. Qg3 c6 16. Nf3 1-0

[Event "Wch U12 Girls"]
[Site "Porto Carras"]
[Date "2015.10.25"]
[Round "1"]
[White "Nurgali, Nazerke"]
[Black "Kublanov, Elizabeth"]
[Result "1-0"]
[WhiteElo "1841"]
[BlackElo "1514"]
[PlyCount "69"]
[EventDate "2015.10.25"]
[EventType "swiss"]
[EventRounds "11"]
[EventCountry "GRE"]
[SourceTitle "CBM 169 Extra"]
[Source "ChessBase"]
[SourceDate "2015.12.18"]
[SourceVersion "1"]
[SourceVersionDate "2015.12.18"]
[SourceQuality "1"]

1. d4 d5 2. Nf3 Nf6 3. c4 e6 4. Nc3 Nc6 5. Bg5 Be7 6. e3 0-0 7. Bd3 h6 8. Bh4 b6 9. cxd5 exd5 10. 0-0 Bg4 11. Rc1 Nb4 12. Bb1 c5 13. dxc5 bxc5 14. a3 Nc6 15. Bxf6 Bxf6 16. Nxd5 Bxb2 17. Rxc5 Ne5 18. Qc2 g6 19. Qxb2 Nxf3+ 20. gxf3 f5 21. fxg4 Qg5 22. f4 Qxg4+ 23. Qg2 Qxg2+ 24. Kxg2 g5 25. Ne7+ Kg7 26. Nxf5+ Kg6 27. Rc6+ Kf7 28. Nxh6+ Ke7 29. fxg5 Rxf1 30. Kxf1 Rf8+ 31. Ke2 Rb8 32. Bd3 a5 33. g6 Kf8 34. Rc7 Rb2+ 35. Kf3 1-0

[Event "GER-ch U12"]
[Site "Willingen"]
[Date "2015.05.29"]
[Round "10"]
[White "Kublanov, Elizabeth"]
[Black "Schneider, Edward"]
[Result "0-1"]
[WhiteElo "1518"]
[BlackElo "1395"]
[PlyCount "110"]
[EventDate "2015.05.24"]
[EventType "swiss"]
[EventRounds "11"]
[EventCountry "GER"]
[SourceTitle "CBM 166 Extra"]
[Source "ChessBase"]
[SourceDate "2015.06.18"]
[SourceVersion "1"]
[SourceVersionDate "2015.06.18"]
[SourceQuality "1"]

1. e4 e5 2. Nf3 Nc6 3. Bc4 Bc5 4. c3 Nf6 5. d4 exd4 6. cxd4 Bb4+ 7. Nc3 Nxe4 8. 0-0 Bxc3 9. d5 Bf6 10. Re1 Ne7 11. Rxe4 d6 12. Bg5 Bxg5 13. Nxg5 h6 14. Qe2 hxg5 15. Re1 Be6 16. dxe6 f6 17. Re3 c6 18. Qd3 Qc7 19. Rh3 0-0-0 20. Rd1 d5 21. Bb3 Qe5 22. Rb1 Qxe6 23. Re3 Qd6 24. g3 Rh6 25. Rbe1 Ng6 26. Bc2 Ne5 27. Qf5+ Kb8 28. f4 gxf4 29. gxf4 Nc4 30. Re8 a6 31. R8e2 Qc5+ 32. Kh1 Qd6 33. Rg1 Rg8 34. Rge1 Rd8 35. Rg1 Rh4 36. Rxg7 Rxf4 37. Qh7 Na5 38. Ree7 Qb4 39. Qd3 f5 40. Qg3 Ka8 41. Qg2 Qxb2 42. Re1 Rc4 43. Bxf5 Qxg2+ 44. Kxg2 d4 45. Rd1 Rc5 46. Be4 Re5 47. Bd3 Kb8 48. Rb1 b5 49. a4 Re3 50. axb5 axb5 51. Bxb5 Rb3 52. Rxb3 Nxb3 53. Bxc6 Nc5 54. Rg5 Ne6 55. Ra5 Nf4+ 0-1

[Event "GER-ch U12"]
[Site "Willingen"]
[Date "2015.05.24"]
[Round "1"]
[White "Weishaeutel, Moritz"]
[Black "Kublanov, Elizabeth"]
[Result "1-0"]
[WhiteElo "1966"]
[BlackElo "1518"]
[PlyCount "77"]
[EventDate "2015.05.24"]
[EventType "swiss"]
[EventRounds "11"]
[EventCountry "GER"]
[SourceTitle "CBM 166 Extra"]
[Source "ChessBase"]
[SourceDate "2015.06.18"]
[SourceVersion "1"]
[SourceVersionDate "2015.06.18"]
[SourceQuality "1"]

1. e4 e5 2. Bc4 Bc5 3. Nc3 Nf6 4. d3 0-0 5. Nf3 d6 6. Bg5 c6 7. Qd2 b5 8. Bb3 Bb7 9. 0-0-0 a5 10. a3 b4 11. Na4 bxa3 12. Nxc5 axb2+ 13. Kb1 dxc5 14. Nxe5 a4 15. Ba2 a3 16. Ng4 Nbd7 17. e5 h6 18. Bh4 h5 19. Nxf6+ Nxf6 20. exf6 Qd4 21. Qg5 Qxf6 22. Qxf6 gxf6 23. Bxf6 Bc8 24. Rhe1 Be6 25. Re5 Kh7 26. Rxc5 Kg6 27. Bh4 Rfc8 28. Bxe6 fxe6 29. Ka2 Ra6 30. Re1 Kf7 31. Rxh5 Rb8 32. Rh7+ Kg8 33. Re7 Rab6 34. Rb1 c5 35. Ra7 Rb4 36. Bg3 Rc8 37. Kxa3 Rcb8 38. Bxb8 Rxb8 39. Rxb2 1-0

[Event "GER-chT U14 Girls"]
[Site "Regensburg"]
[Date "2014.12.28"]
[Round "4.1"]
[White "Kublanov, Elizabeth"]
[Black "Nguyen, Ha Thanh"]
[Result "1-0"]
[WhiteElo "1363"]
[BlackElo "1617"]
[PlyCount "69"]
[EventDate "2014.12.27"]
[EventType "team-swiss"]
[EventRounds "7"]
[EventCountry "GER"]
[SourceTitle "EXT 2016"]
[Source "ChessBase"]
[SourceDate "2015.10.08"]
[SourceVersion "1"]
[SourceVersionDate "2015.10.08"]
[SourceQuality "1"]
[WhiteTeam "Solingen"]
[BlackTeam "Erfurt Empor"]
[WhiteTeamCountry "GER"]
[BlackTeamCountry "GER"]

1. d4 d5 2. c4 e6 3. Nf3 f5 4. Nc3 Nf6 5. Bf4 c6 6. e3 Be7 7. Bd3 Ne4 8. Qc2 Nd7 9. 0-0-0 Ndf6 10. Ne5 Qa5 11. Nxe4 Nxe4 12. f3 Nf6 13. a3 Bd7 14. c5 Rc8 15. Kb1 0-0 16. g4 Be8 17. gxf5 exf5 18. Bxf5 Ra8 19. Rhg1 Kh8 20. Qg2 Nh5 21. Bd3 Bf6 22. Bg5 Bxe5 23. dxe5 Qc7 24. e6 Qe5 25. e7 Rg8 26. Qg4 g6 27. e4 Kg7 28. f4 Qd4 29. f5 Nf6 30. Qf4 Nh5 31. Qd6 Bf7 32. e5 Rgc8 33. f6+ Kh8 34. e6 Be8 35. f7 1-0

[Event "GER-ch U10"]
[Site "Oberhof"]
[Date "2013.05.24"]
[Round "10"]
[White "Nguyen, Alex Dac Vuong"]
[Black "Kublanov, Elizabeth"]
[Result "1-0"]
[WhiteElo "1401"]
[BlackElo "1103"]
[PlyCount "121"]
[EventDate "2013.05.19"]
[EventType "swiss"]
[EventRounds "11"]
[EventCountry "GER"]
[SourceTitle "CBM 154 Extra"]
[Source "ChessBase"]
[SourceDate "2013.06.25"]
[SourceVersion "2"]
[SourceVersionDate "2013.06.25"]
[SourceQuality "1"]

1. e4 e5 2. Nf3 Nc6 3. d4 exd4 4. Bc4 Bc5 5. c3 dxc3 6. Bxf7+ Kxf7 7. Qd5+ Ke8 8. Qh5+ Kf8 9. Qxc5+ d6 10. Qc4 Qe7 11. Nxc3 Be6 12. Qe2 Ke8 13. 0-0 Kd7 14. Bg5 Qf8 15. Qd3 Re8 16. e5 Kc8 17. exd6 Qxd6 18. Qxd6 cxd6 19. Rad1 Kc7 20. Nb5+ Kb8 21. Rfe1 Bd7 22. Rxe8+ Bxe8 23. Rxd6 a6 24. Nc3 Bg6 25. Bf4 Ka7 26. Rd7 Nge7 27. Ne5 Rg8 28. Nxg6 Nxg6 29. Be3+ Ka8 30. Nd5 Nge5 31. Nb6+ Kb8 32. Bf4 Ka7 33. Bxe5 Nxe5 34. Rd6 Re8 35. Na4 Nd3 36. g3 Re1+ 37. Kg2 Rd1 38. Re6 Rd2 39. Kf3 Nxb2 40. Nxb2 Rxb2 41. a3 Ra2 42. Re7 Rxa3+ 43. Kg2 Rd3 44. Rxg7 a5 45. Rxh7 a4 46. Rh4 Ra3 47. Rd4 b5 48. h4 Rc3 49. g4 a3 50. Rd2 b4 51. h5 Rc7 52. Ra2 Kb6 53. g5 Rc5 54. f4 Rf5 55. Kg3 Ra5 56. h6 b3 57. h7 b2 58. h8Q b1Q 59. Qb8+ Ka6 60. Qxb1 Ka7 61. Rc2 1-0

[Event "GER-ch U10"]
[Site "Oberhof"]
[Date "2013.05.22"]
[Round "7"]
[White "Kublanov, Elizabeth"]
[Black "Burian, Simon"]
[Result "1/2-1/2"]
[WhiteElo "1103"]
[BlackElo "1370"]
[PlyCount "54"]
[EventDate "2013.05.19"]
[EventType "swiss"]
[EventRounds "11"]
[EventCountry "GER"]
[SourceTitle "CBM 154 Extra"]
[Source "ChessBase"]
[SourceDate "2013.06.25"]
[SourceVersion "2"]
[SourceVersionDate "2013.06.25"]
[SourceQuality "1"]

1. d4 Nf6 2. c4 g6 3. Nc3 Bg7 4. e4 d6 5. f4 0-0 6. Nf3 Nbd7 7. e5 dxe5 8. dxe5 Ne8 9. Bd3 c6 10. 0-0 Qb6+ 11. Kh1 f5 12. Qe1 Nc5 13. Bc2 Be6 14. b3 h6 15. Nh4 Kh7 16. Qg3 Bf7 17. Ne2 Nd6 18. Be3 Nce4 19. Bxb6 Nxg3+ 20. Nxg3 axb6 21. exd6 Bxa1 22. dxe7 Rfe8 23. Rxa1 Rxe7 24. a4 Rae8 25. Nf3 h5 26. h3 Re3 27. Nf1 Rc3 1/2-1/2

[Event "GER-ch U10"]
[Site "Oberhof"]
[Date "2013.05.20"]
[Round "3"]
[White "Kublanov, Elizabeth"]
[Black "Lieberwirth, Kasimir"]
[Result "1/2-1/2"]
[WhiteElo "1103"]
[BlackElo "1433"]
[PlyCount "156"]
[EventDate "2013.05.19"]
[EventType "swiss"]
[EventRounds "11"]
[EventCountry "GER"]
[SourceTitle "CBM 154 Extra"]
[Source "ChessBase"]
[SourceDate "2013.06.25"]
[SourceVersion "2"]
[SourceVersionDate "2013.06.25"]
[SourceQuality "1"]

1. d4 d5 2. c4 e6 3. Nc3 c6 4. cxd5 exd5 5. Bf4 f5 6. Nf3 Be6 7. e3 Be7 8. Bd3 h6 9. 0-0 Nf6 10. Qb3 b6 11. Rfe1 Nbd7 12. Ba6 Nh5 13. Bb7 Nxf4 14. Bxa8 Nxg2 15. Kxg2 Qxa8 16. Kh1 0-0 17. Rg1 Rf6 18. Ne5 Nxe5 19. dxe5 Rf8 20. Ne2 c5 21. f3 Bf7 22. Raf1 Qb8 23. Qc3 Qb7 24. e6 g5 25. exf7+ Rxf7 26. Qe5 Kh7 27. Qg3 Bf6 28. Nf4 Be5 29. h4 Rg7 30. hxg5 hxg5 31. Qh3+ Kg8 32. Ne6 Rh7 33. Rxg5+ Kh8 34. Rh5 Bxb2 35. Rxh7+ Qxh7 36. Qxh7+ Kxh7 37. Kg2 Kg8 38. Rd1 Kf7 39. Nd8+ Kg6 40. Rxd5 c4 41. Rd2 c3 42. Rc2 a5 43. Nc6 a4 44. a3 b5 45. Ne5+ Kf6 46. Nd3 Bxa3 47. Rxc3 b4 48. Nxb4 Bxb4 49. Rc4 Bd2 50. e4 fxe4 51. fxe4 a3 52. Ra4 Bc1 53. Kf3 Ke5 54. Ke2 Bb2 55. Kd2 Ke6 56. Ra5 Kd6 57. Kd3 Ke6 58. e5 Bxe5 59. Rxa3 Kf5 60. Ke2 Bd6 61. Ra8 Bf4 62. Re8 Bd6 63. Kd3 Bb4 64. Kd4 Ba3 65. Kd3 Bd6 66. Kd4 Ba3 67. Kd5 Kf6 68. Re3 Bc1 69. Re5 Bb2 70. Re2 Bc1 71. Kd6 Ba3+ 72. Kd7 Kf5 73. Kc6 Kf6 74. Kd5 Bb4 75. Re4 Ba3 76. Rf4+ Ke7 77. Ra4 Bb2 78. Ra7+ Kf6 1/2-1/2